[Event "Scarborough CC LH Summer op"]
[Site "Toronto CAN"]
[Date "2010.06.17"]
[Round "7"]
[White "Peng, Bill"]
[Black "Manalo, Pepin"]
[Result "1-0"]
[WhiteElo "2186"]
[BlackElo "1879"]
[PlyCount "101"]
[EventDate "2010.04.29"]
[EventType "swiss"]
[EventRounds "8"]
[EventCountry "CAN"]

1. e4 c5 2. Nc3 Nc6 3. g3 g6 4. Bg2 Bg7 5. d3 Nf6 6. h3 d6 7. Be3 O-O 8. Qd2
Qa5 9. Nge2 Rb8 10. O-O Bd7 11. Bh6 b5 12. Bxg7 Kxg7 13. a4 b4 14. Nd5 Qd8 15.
b3 e6 16. Ne3 h6 17. f4 Nh7 18. f5 exf5 19. exf5 g5 20. g4 Re8 21. Ng3 Nf6 22.
Nd5 Nxd5 23. Nh5+ Kh7 24. Bxd5 f6 25. Bf7 Re5 26. h4 Qe7 27. hxg5 hxg5 28. Bg6+
Kg8 29. Qh2 Re2 30. Nxf6+ Kg7 31. Nh5+ Kf8 32. Qh3 Qe3+ 33. Qxe3 Rxe3 34. Rae1
Rxe1 35. Rxe1 Nd4 36. Nf6 Bc6 37. Nh7+ Kg8 38. Re7 Nf3+ 39. Kf2 Ne5 40. Nf6+
Kf8 41. Rxa7 Bb7 42. Kg3 Kg7 43. Ne8+ Kf8 44. Nxd6 Bf3 45. Nf7 Nc6 46. Rd7 Bh1
47. f6 Nd4 48. Nh6 Bd5 49. Rh7 Nc6 50. Rh8+ Bg8 51. Rxg8# 1-0

[Event "Scarborough CC LH Summer op"]
[Site "Toronto CAN"]
[Date "2010.06.17"]
[Round "7"]
[White "Posaratnanathan, Juliaan"]
[Black "Ward, Dean"]
[Result "0-1"]
[WhiteElo "1678"]
[BlackElo "1840"]
[PlyCount "40"]
[EventDate "2010.04.29"]
[EventType "swiss"]
[EventRounds "8"]
[EventCountry "CAN"]

1. e4 c5 2. Nf3 d6 3. d4 cxd4 4. Nxd4 Nf6 5. Nc3 Nc6 6. Be3 Ng4 7. Bg5 Qb6 8.
Bb5 a6 9. Nd5 Qa7 10. O-O axb5 11. Nxb5 Qa5 12. Nbc7+ Kd8 13. Bd2 Qa7 14. Nxa8
Qxa8 15. Nb6 Qb8 16. b4 Be6 17. c4 Nce5 18. c5 d5 19. exd5 Nf3+ 20. Qxf3 Qxh2#
0-1

[Event "Scarborough CC LH Summer op"]
[Site "Toronto CAN"]
[Date "2010.06.17"]
[Round "7"]
[White "Posaratnanathan, Roy"]
[Black "Hahnewald, Uwe"]
[Result "0-1"]
[WhiteElo "1723"]
[BlackElo "1871"]
[PlyCount "44"]
[EventDate "2010.04.29"]
[EventType "swiss"]
[EventRounds "8"]
[EventCountry "CAN"]

1. e4 c5 2. Nf3 Nc6 3. d4 cxd4 4. Nxd4 Nf6 5. Nc3 e5 6. Ndb5 d6 7. Nd5 Nxd5 8.
exd5 Ne7 9. c4 Ng6 10. Bd3 f5 11. O-O Be7 12. Qc2 O-O 13. f3 Bd7 14. a4 Qb6+
15. Kh1 e4 16. fxe4 fxe4 17. Rxf8+ Rxf8 18. Be2 Qf2 19. Qd1 Nh4 20. Qg1 Qxe2
21. Nd4 Qxc4 22. Be3 Qxd5 0-1

[Event "Scarborough CC LH Summer op"]
[Site "Toronto CAN"]
[Date "2010.06.17"]
[Round "7"]
[White "Radpey, Abdolreza"]
[Black "Azizi, Hamid"]
[Result "1-0"]
[WhiteElo "1587"]
[BlackElo "1556"]
[PlyCount "87"]
[EventDate "2010.04.29"]
[EventType "swiss"]
[EventRounds "8"]
[EventCountry "CAN"]

1. Nf3 Nf6 2. d4 c6 3. c4 g6 4. Nc3 Bg7 5. e4 d6 6. Be2 Bg4 7. Be3 Qa5 8. O-O
Nbd7 9. h3 h5 10. hxg4 hxg4 11. Ng5 Rh5 12. Bxg4 Rxg5 13. Bxd7+ Nxd7 14. c5 Rh5
15. Qb3 O-O-O 16. cxd6 Rh1+ 17. Kxh1 Qh5+ 18. Kg1 Rh8 19. f3 Qh2+ 20. Kf2 Bf6
21. Rg1 Bh4+ 22. Ke2 e6 23. Raf1 Qxd6 24. e5 Qf8 25. Ne4 Be7 26. Rc1 Nb6 27. a4
Nd5 28. Bd2 Qd8 29. a5 Qc7 30. Qa4 Kd7 31. b4 Rc8 32. Rh1 Ke8 33. Rh8+ Kd7 34.
Rxc8 Qxc8 35. b5 f5 36. exf6 Nxf6 37. bxc6+ bxc6 38. Qc4 Nd5 39. Nc5+ Ke8 40.
Rh1 Bf8 41. Rh8 Kf7 42. Rh7+ Kf6 43. Nd7+ Qxd7 44. Rxd7 1-0

[Event "Scarborough CC LH Summer op"]
[Site "Toronto CAN"]
[Date "2010.06.17"]
[Round "7"]
[White "Southam, David"]
[Black "Lin, Tony (Juntao)"]
[Result "1-0"]
[WhiteElo "2119"]
[BlackElo "1780"]
[PlyCount "69"]
[EventDate "2010.04.29"]
[EventType "swiss"]
[EventRounds "8"]
[EventCountry "CAN"]

1. d4 Nf6 2. c4 g6 3. Nc3 d5 4. cxd5 Nxd5 5. e4 Nxc3 6. bxc3 Bg7 7. Nf3 c5 8.
Be3 O-O 9. Rc1 Bg4 10. Be2 Qa5 11. Qd2 Nc6 12. d5 Rfd8 13. c4 Qxd2+ 14. Nxd2
Bxe2 15. Kxe2 Nd4+ 16. Kd3 Rac8 17. Nb3 Nxb3 18. axb3 Rd6 19. Rc2 Ra6 20. f4
Ra5 21. Rb1 b5 22. cxb5 Rxb5 23. b4 a5 24. Rxc5 Rbxc5 25. bxc5 a4 26. Bd4 a3
27. e5 f6 28. exf6 Bxf6 29. Bxf6 exf6 30. Kc4 Re8 31. Ra1 Re2 32. Rxa3 Rxg2 33.
c6 Re2 34. c7 Re8 35. d6 1-0

[Event "Scarborough CC LH Summer op"]
[Site "Toronto CAN"]
[Date "2010.06.17"]
[Round "7"]
[White "Super, Russell"]
[Black "Jizan, Masoud"]
[Result "0-1"]
[WhiteElo "1430"]
[BlackElo "1772"]
[PlyCount "62"]
[EventDate "2010.04.29"]
[EventType "swiss"]
[EventRounds "8"]
[EventCountry "CAN"]

1. e4 c5 2. Nf3 Nc6 3. d4 cxd4 4. Nxd4 e5 5. Nb3 Nf6 6. f3 Nxe4 7. fxe4 Qh4+ 8.
g3 Qxe4+ 9. Qe2 Qxh1 10. Nc3 Bb4 11. Bd2 Bxc3 12. Bxc3 O-O 13. O-O-O d5 14. h4
d4 15. Bd2 Qd5 16. Bg2 Qd8 17. Nc5 Be6 18. Nxe6 fxe6 19. Be4 Qc7 20. g4 Rac8
21. Qd3 g6 22. Bh6 Rf2 23. Rd2 Nb4 24. Qb3 Rf1+ 25. Rd1 Rxd1+ 26. Kxd1 Qb6 27.
h5 d3 28. Be3 Qxe3 29. Qxe6+ Kg7 30. Bxd3 Nxd3 31. cxd3 Rc1# 0-1

[Event "Scarborough CC LH Summer op"]
[Site "Toronto CAN"]
[Date "2010.06.17"]
[Round "7"]
[White "Yie, Kevin"]
[Black "Dattani, Dinesh"]
[Result "1/2-1/2"]
[WhiteElo "1332"]
[BlackElo "1414"]
[PlyCount "48"]
[EventDate "2010.04.29"]
[EventType "swiss"]
[EventRounds "8"]
[EventCountry "CAN"]

1. e4 e5 2. Nf3 d6 3. Bc4 Be7 4. O-O Nf6 5. d3 O-O 6. h3 h6 7. Nc3 Nbd7 8. Be3
Nb6 9. Bb3 Be6 10. Qd2 c5 11. Qe2 Qc7 12. Rfe1 d5 13. exd5 Nbxd5 14. Nxd5 Nxd5
15. Bd2 f6 16. Rad1 Rad8 17. Bc3 Kh8 18. Bxe5 fxe5 19. Qxe5 Qxe5 20. Rxe5 Bxh3
21. Bxd5 Bg4 22. Rde1 Bxf3 23. gxf3 Bd6 24. R5e3 Bf4 1/2-1/2

[Event "Scarborough CC LH Summer op"]
[Site "Toronto CAN"]
[Date "2010.06.17"]
[Round "7"]
[White "Yuan, Yuanling"]
[Black "Picana, Andrew"]
[Result "1/2-1/2"]
[WhiteElo "2330"]
[BlackElo "2114"]
[PlyCount "110"]
[EventDate "2010.04.29"]
[EventType "swiss"]
[EventRounds "8"]
[EventCountry "CAN"]

1. e4 e6 2. d4 d5 3. Nc3 Bb4 4. e5 c5 5. a3 Bxc3+ 6. bxc3 Ne7 7. Qg4 Ng6 8. h4
h5 9. Qg3 Nc6 10. Bd3 Nce7 11. Ne2 cxd4 12. cxd4 Qb6 13. Bg5 Nf5 14. Bxf5 exf5
15. O-O Be6 16. a4 O-O 17. Qf3 Rfc8 18. c3 Qa5 19. Ra3 b5 20. Rfa1 b4 21. cxb4
Qxb4 22. Rb3 Qc4 23. Rb7 Qa6 24. Rb4 Rc2 25. Ng3 Qc8 26. Nxh5 Rc4 27. Qb3 f4
28. Kh2 Rc3 29. Qb1 f3 30. g3 Bf5 31. Qe1 Be4 32. Nf4 Nxf4 33. Bxf4 Qg4 34.
Qxc3 Bf5 35. Kg1 Qh3 36. Qxf3 Be4 37. Qxe4 dxe4 38. d5 Rd8 39. d6 Qf5 40. Re1
Rd7 41. Rexe4 Kh7 42. a5 Qe6 43. a6 Qd5 44. Rec4 Kg6 45. Rc1 Kf5 46. Kh2 Qf3
47. Rc2 Ke6 48. Rcb2 Qc6 49. Ra2 Rd8 50. Rb7 Qc4 51. Rab2 Qd4 52. Re2 Qd5 53.
Re7+ Kf5 54. Bd2 f6 55. exf6 gxf6 1/2-1/2

[Event "Scarborough CC LH Summer op"]
[Site "Toronto CAN"]
[Date "2010.06.24"]
[Round "8"]
[White "Azizi, Hamid"]
[Black "Kurkowski, Ken"]
[Result "0-1"]
[WhiteElo "1556"]
[BlackElo "1630"]
[PlyCount "98"]
[EventDate "2010.04.29"]
[EventType "swiss"]
[EventRounds "8"]
[EventCountry "CAN"]

1. e4 c5 2. Nf3 Nc6 3. c3 Nf6 4. Bd3 d5 5. exd5 Qxd5 6. Qe2 Bg4 7. Bc4 Qh5 8.
Bb5 Bxf3 9. Qxf3 Qxf3 10. gxf3 Rc8 11. Na3 a6 12. Ba4 b5 13. Nxb5 axb5 14. Bxb5
e5 15. Rg1 g6 16. d3 Bg7 17. Be3 Nd7 18. a4 Na7 19. c4 Ke7 20. Bxd7 Kxd7 21. b4
e4 22. Ke2 Bxa1 23. Rxa1 exd3+ 24. Kxd3 Rhe8 25. a5 Rxe3+ 26. fxe3 cxb4 27. a6
b3 28. Kc3 Rb8 29. Kb2 Kc7 30. h4 f5 31. f4 Re8 32. Ra3 Rxe3 33. Rxb3 Rxb3+ 34.
Kxb3 Kb6 35. Kb4 Nc6+ 36. Ka4 Kxa6 37. Kb3 Kb6 38. Kc3 Kc5 39. Kd3 h5 40. Kc3
Nd4 41. Kd3 Ne6 42. Ke3 Kxc4 43. Kf3 Kd4 44. Kf2 Ke4 45. Kg3 Nxf4 46. Kf2 Nd3+
47. Ke2 f4 48. Kf1 Kf3 49. Kg1 Ke2 0-1

[Event "Scarborough CC LH Summer op"]
[Site "Toronto CAN"]
[Date "2010.06.24"]
[Round "8"]
[White "Casareno, Erwin"]
[Black "Al Ganabi, Zaidun"]
[Result "1-0"]
[WhiteElo "2177"]
[BlackElo "1364"]
[PlyCount "59"]
[EventDate "2010.04.29"]
[EventType "swiss"]
[EventRounds "8"]
[EventCountry "CAN"]

1. e4 e5 2. Nf3 Nc6 3. Bc4 Bc5 4. c3 d6 5. d3 Nf6 6. Bb3 Bg4 7. Nbd2 O-O 8. h3
Bh5 9. Nf1 d5 10. Qe2 dxe4 11. dxe4 Qe7 12. g4 Bg6 13. Ng3 Rad8 14. Bg5 h6 15.
Bh4 Rd6 16. g5 hxg5 17. Bxg5 Qd7 18. Nh4 Nh7 19. Bd2 Rf6 20. Rh2 Rd8 21. O-O-O
Qd3 22. Qg4 Bxf2 23. Rxf2 Rxf2 24. Bg5 Qa6 25. Bxd8 Kh8 26. Nxg6+ fxg6 27. Qxg6
Qb6 28. Nf5 Rxf5 29. exf5 Na5 30. Qe8+ 1-0

[Event "Scarborough CC LH Summer op"]
[Site "Toronto CAN"]
[Date "2010.06.24"]
[Round "8"]
[White "Conte, Mike"]
[Black "Graham, John"]
[Result "1-0"]
[WhiteElo "1907"]
[BlackElo "1483"]
[PlyCount "69"]
[EventDate "2010.04.29"]
[EventType "swiss"]
[EventRounds "8"]
[EventCountry "CAN"]

1. e4 e6 2. d4 d5 3. exd5 exd5 4. c4 c6 5. Bd3 Nf6 6. Ne2 g6 7. Nbc3 Be6 8. Nf4
Qd7 9. cxd5 Nxd5 10. Nxe6 Qxe6+ 11. Ne2 Bg7 12. Qb3 b5 13. O-O O-O 14. Bd2 Re8
15. Rae1 Qd7 16. Nc3 Rxe1 17. Rxe1 Bxd4 18. Nxd5 cxd5 19. Bh6 Nc6 20. Bxb5 Qf5
21. Rf1 Na5 22. Qa4 Bb6 23. b4 Nc4 24. Qb3 Nd6 25. Bc6 Rc8 26. Bxd5 Rc2 27. Bf3
Nb5 28. g4 Qc8 29. Qd5 Nd4 30. Bd1 Ne2+ 31. Kh1 Rb2 32. Qe5 Bd4 33. Qe4 f5 34.
Qd5+ Kh8 35. Bxe2 1-0

[Event "Scarborough CC LH Summer op"]
[Site "Toronto CAN"]
[Date "2010.06.24"]
[Round "8"]
[White "Hahnewald, Uwe"]
[Black "Picana, Andrew"]
[Result "1-0"]
[WhiteElo "1871"]
[BlackElo "2114"]
[PlyCount "97"]
[EventDate "2010.04.29"]
[EventType "swiss"]
[EventRounds "8"]
[EventCountry "CAN"]

1. e4 e6 2. d4 d5 3. Nd2 c5 4. exd5 Qxd5 5. Ngf3 Nf6 6. Bc4 Qd6 7. O-O cxd4 8.
Nb3 a6 9. Nbxd4 Qc7 10. Bb3 Bd6 11. c3 O-O 12. Bg5 Ne4 13. Bh4 e5 14. Ne2 Nc5
15. Bc2 Bg4 16. Ng3 g6 17. h3 Bxf3 18. Qxf3 Nc6 19. Ne4 Nxe4 20. Qxe4 Be7 21.
Bg3 Bf6 22. Rfe1 Rfe8 23. Rad1 Rad8 24. Qf3 Rxd1 25. Rxd1 Kg7 26. Qe3 Qe7 27.
f4 exf4 28. Qxe7 Rxe7 29. Bxf4 Be5 30. Bxe5+ Nxe5 31. a4 f5 32. Kf2 Rd7 33.
Rxd7+ Nxd7 34. b4 Kf6 35. c4 b6 36. Ke3 Ke5 37. Bd1 a5 38. c5 f4+ 39. Kd2 axb4
40. c6 Nc5 41. c7 Ne4+ 42. Kc2 Nd6 43. Bg4 f3 44. gxf3 Kf4 45. c8=Q Nxc8 46.
Bxc8 Kxf3 47. Kb3 h5 48. Kxb4 g5 49. Kb5 1-0

[Event "Scarborough CC LH Summer op"]
[Site "Toronto CAN"]
[Date "2010.06.24"]
[Round "8"]
[White "Jizan, Masoud"]
[Black "Zhou, Kevin"]
[Result "1/2-1/2"]
[WhiteElo "1788"]
[BlackElo "1859"]
[PlyCount "47"]
[EventDate "2010.04.29"]
[EventType "swiss"]
[EventRounds "8"]
[EventCountry "CAN"]

1. Nf3 Nf6 2. d4 g6 3. c4 Bg7 4. Nc3 d6 5. e4 O-O 6. Bg5 c5 7. Be2 Nc6 8. d5
Ne5 9. Nxe5 dxe5 10. Qd2 a6 11. O-O Ne8 12. Rad1 Nd6 13. Be3 b6 14. f4 exf4 15.
Rxf4 Be5 16. Rh4 Bf6 17. Bg5 e5 18. Bxf6 Qxf6 19. Qh6 Qg7 20. Qxg7+ Kxg7 21.
Rf1 Bd7 22. g4 f5 23. g5 b5 24. exf5 1/2-1/2

[Event "Scarborough CC LH Summer op"]
[Site "Toronto CAN"]
[Date "2010.06.24"]
[Round "8"]
[White "Karmalkar, Vilas"]
[Black "Paterson, Jim"]
[Result "0-1"]
[WhiteElo "1746"]
[BlackElo "1852"]
[PlyCount "100"]
[EventDate "2010.04.29"]
[EventType "swiss"]
[EventRounds "8"]
[EventCountry "CAN"]

1. Nf3 d5 2. g3 c5 3. Bg2 Nc6 4. O-O g6 5. c3 Bg7 6. d4 b6 7. Re1 Nf6 8. Bf4
O-O 9. e3 Bg4 10. Nbd2 Qc8 11. e4 dxe4 12. Nxe4 cxd4 13. cxd4 Rd8 14. Be3 Nxe4
15. Qa4 Bd7 16. d5 Nxg3 17. fxg3 Nd4 18. Qd1 Nc2 19. Rc1 Nxe3 20. Rxe3 Qa6 21.
Rxe7 Qxa2 22. Rc7 Be8 23. d6 Qxb2 24. d7 Bf8 25. Rxe8 Rxe8 26. dxe8=Q Rxe8 27.
Ng5 Bc5+ 28. Kh1 Qe5 29. Rxc5 bxc5 30. Nf3 Qf5 31. Qf1 Rb8 32. Qf2 Rb1+ 33. Bf1
g5 34. Kg2 Rc1 35. Qe3 Rc2+ 36. Be2 g4 37. Nd2 Qd5+ 38. Ne4 f5 39. Qg5+ Kf8 40.
Qf6+ Ke8 41. Qh8+ Kd7 42. Qxh7+ Kc6 43. Qh6+ Kc7 44. Qg7+ Kb6 45. Qf6+ Ka5 46.
Qa1+ Ra2 47. Qe1+ Kb6 48. Qb1+ Kc7 49. Kf1 fxe4 50. Bxg4 Qd2 0-1

[Event "Scarborough CC LH Summer op"]
[Site "Toronto CAN"]
[Date "2010.06.24"]
[Round "8"]
[White "Lin, Tony (Juntao)"]
[Black "Lamb, Bryan"]
[Result "1-0"]
[WhiteElo "1780"]
[BlackElo "2214"]
[PlyCount "53"]
[EventDate "2010.04.29"]
[EventType "swiss"]
[EventRounds "8"]
[EventCountry "CAN"]

1. e4 c5 2. Nf3 d6 3. d4 cxd4 4. Nxd4 Nf6 5. Nc3 g6 6. Be3 Bg7 7. f3 O-O 8. Qd2
Nc6 9. Bc4 Bd7 10. O-O-O Qb8 11. h4 b5 12. Bb3 Rc8 13. g4 a5 14. h5 a4 15. Bd5
b4 16. Nce2 Nxd5 17. exd5 b3 18. Nc3 Nb4 19. a3 Na2+ 20. Kb1 Nxc3+ 21. bxc3 Ra5
22. hxg6 hxg6 23. Bh6 bxc2+ 24. Kxc2 Rxc3+ 25. Qxc3 Rc5 26. Bxg7 Kxg7 27. Ne6+
1-0

[Event "Scarborough CC LH Summer op"]
[Site "Toronto CAN"]
[Date "2010.06.24"]
[Round "8"]
[White "Luiting, Larry"]
[Black "Bellomo, Joe"]
[Result "1-0"]
[WhiteElo "1653"]
[BlackElo "1734"]
[PlyCount "53"]
[EventDate "2010.04.29"]
[EventType "swiss"]
[EventRounds "8"]
[EventCountry "CAN"]

1. e4 c5 2. Nf3 d6 3. d4 cxd4 4. Nxd4 Nf6 5. Nc3 a6 6. Be3 Nc6 7. Bc4 e6 8. a3
Bd7 9. g4 Ne5 10. Be2 h6 11. f4 Nc6 12. Qd2 Rc8 13. O-O-O Be7 14. h4 Nxd4 15.
Bxd4 Qa5 16. g5 hxg5 17. hxg5 Rxh1 18. Rxh1 Ng8 19. Bxg7 Ba4 20. Rh8 Kd7 21.
Qd4 Bc6 22. Bh5 Bb5 23. Bxf7 Rc4 24. Bxe6+ Kxe6 25. Qd5+ Kd7 26. Rxg8 Rc6 27.
Qf5+ 1-0

[Event "Scarborough CC LH Summer op"]
[Site "Toronto CAN"]
[Date "2010.06.24"]
[Round "8"]
[White "Maister, Martin"]
[Black "Bellissimo, Joseph"]
[Result "0-1"]
[WhiteElo "1864"]
[BlackElo "1881"]
[PlyCount "110"]
[EventDate "2010.04.29"]
[EventType "swiss"]
[EventRounds "8"]
[EventCountry "CAN"]

1. c4 e6 2. Nf3 Nf6 3. d4 d5 4. Nc3 c6 5. cxd5 exd5 6. e3 Bd6 7. Bd3 Nbd7 8. h3
O-O 9. O-O Re8 10. Re1 Ne4 11. Bxe4 dxe4 12. Nd2 Nf6 13. a3 a5 14. Qc2 Qe7 15.
Nc4 Bc7 16. b3 b5 17. Nd2 Qd6 18. Nf1 Ba6 19. Bb2 b4 20. Ne2 Bd3 21. Qd2 Nd5
22. axb4 Qxb4 23. Qd1 a4 24. Ba3 Qxb3 25. Qc1 Ba5 26. Nd2 Qb5 27. Ng3 Bc3 28.
Ra2 Qa5 29. Rd1 Rab8 30. Bb2 Bxb2 31. Rxb2 Rxb2 32. Qxb2 a3 33. Qb7 Bb5 34.
Ngxe4 a2 35. Nb3 Qa8 36. Qxa8 Rxa8 37. Ra1 Nb4 38. Nc3 Bc4 39. d5 Bxb3 40. dxc6
Nxc6 41. f4 Nb4 42. Nxa2 Rxa2 43. Rc1 Rc2 44. Rb1 Rc3 45. Kf2 f5 46. g4 g6 47.
g5 Nd5 48. Ra1 Rxe3 49. Ra8+ Kg7 50. Ra7+ Re7 51. Ra6 Nxf4 52. Kg3 Nh5+ 53. Kf3
Bd5+ 54. Kf2 Bc4 55. Kf3 Bxa6 0-1

[Event "Scarborough CC LH Summer op"]
[Site "Toronto CAN"]
[Date "2010.06.24"]
[Round "8"]
[White "Mesiti, Silvano"]
[Black "Radpey, Abdolreza"]
[Result "1-0"]
[WhiteElo "1692"]
[BlackElo "1587"]
[PlyCount "142"]
[EventDate "2010.04.29"]
[EventType "swiss"]
[EventRounds "8"]
[EventCountry "CAN"]

1. e4 c5 2. Nf3 Nc6 3. Nc3 e6 4. Bc4 a6 5. a4 Nge7 6. O-O Ng6 7. d3 Bd6 8. d4
cxd4 9. Nxd4 Nxd4 10. Qxd4 Be5 11. Qd3 Qc7 12. g3 O-O 13. f4 Bd6 14. Be3 Bc5
15. Bb3 Rd8 16. Qe2 b6 17. Bf2 Bb7 18. Bxc5 Qxc5+ 19. Qf2 Rac8 20. Qxc5 Rxc5
21. Rad1 Ne7 22. Rd2 Bc6 23. Rfd1 Nc8 24. Kf2 b5 25. axb5 axb5 26. e5 Kf8 27.
Ke3 Nb6 28. Ne2 Nc4+ 29. Bxc4 Rxc4 30. Nd4 Ke8 31. Rd3 f5 32. Nxe6 Re4+ 33. Kf2
Rc8 34. Nxg7+ Kf7 35. Nxf5 Ke6 36. Nd6 Ra8 37. Nxe4 Bxe4 38. Rd6+ Kf5 39. R1d2
Kg4 40. Rxd7 Ra1 41. Ke3 Bf5 42. R7d5 b4 43. Rb5 Ra4 44. Rd4 Bxc2 45. Rbxb4 Ra1
46. Rd2 Bf5 47. Rbd4 Re1+ 48. Re2 Rf1 49. Kd2 Rf3 50. e6 Rb3 51. Kc1 Rb8 52. e7
Rc8+ 53. Kd1 Bg6 54. f5+ Kxf5 55. Rd8 Rc5 56. e8=Q Bxe8 57. Rdxe8 h5 58. Rh8
Kg4 59. Re4+ Kf3 60. Rf4+ Kg2 61. Rh4 Rd5+ 62. Kc2 Kf3 63. R8xh5 Rd8 64. Rf4+
Kg2 65. Kc3 Re8 66. Rd4 Rc8+ 67. Rc4 Re8 68. b4 Kf3 69. b5 Re3+ 70. Kb4 Ke2 71.
Kc5 Rd3 1-0

[Event "Scarborough CC LH Summer op"]
[Site "Toronto CAN"]
[Date "2010.06.24"]
[Round "8"]
[White "Moffat, Andrei"]
[Black "Al Ganabi, Haqi"]
[Result "1-0"]
[WhiteElo "2291"]
[BlackElo "1965"]
[PlyCount "77"]
[EventDate "2010.04.29"]
[EventType "swiss"]
[EventRounds "8"]
[EventCountry "CAN"]

1. e4 e6 2. d4 d5 3. e5 c5 4. Qg4 Nc6 5. Nf3 cxd4 6. Bd3 f5 7. Qg3 Nge7 8. O-O
Ng6 9. h4 Qc7 10. Re1 Bb4 11. c3 dxc3 12. bxc3 Bc5 13. h5 Nf8 14. Na3 a6 15.
Nc2 Qf7 16. Rb1 Be7 17. c4 dxc4 18. Bxc4 Rg8 19. Bg5 Qxh5 20. Bxe7 Nxe7 21. Rb6
g5 22. Nfd4 Rg6 23. Qb3 Rh6 24. Kf1 Qg4 25. Qf3 Rh1+ 26. Ke2 Rxe1+ 27. Kxe1
Qxf3 28. Nxf3 g4 29. Nfd4 Neg6 30. Bxe6 Nxe6 31. Nxe6 Kf7 32. Nc7 Ra7 33. Nd5
Ke8 34. e6 a5 35. Nd4 Ne7 36. Nxe7 Kxe7 37. Nxf5+ Ke8 38. Nd6+ Kd8 39. e7+ 1-0

[Event "Scarborough CC LH Summer op"]
[Site "Toronto CAN"]
[Date "2010.06.24"]
[Round "8"]
[White "Moysoski, Randy"]
[Black "Azmitia, Gabriel"]
[Result "0-1"]
[WhiteElo "1955"]
[BlackElo "1618"]
[PlyCount "112"]
[EventDate "2010.04.29"]
[EventType "swiss"]
[EventRounds "8"]
[EventCountry "CAN"]

1. e4 e5 2. f4 exf4 3. Bc4 Qh4+ 4. Kf1 d5 5. Bxd5 c6 6. Nf3 Qh5 7. Bc4 Be7 8.
d4 g5 9. Nc3 Bg4 10. Be2 Nd7 11. h3 f6 12. Kf2 Bxf3 13. Bxf3 Qh4+ 14. Ke2 O-O-O
15. Qe1 Qxe1+ 16. Kxe1 Bb4 17. a3 Bd6 18. Kf2 Ne7 19. h4 h6 20. hxg5 hxg5 21.
Bd2 Bc7 22. Rxh8 Rxh8 23. Bg4 Kd8 24. Ne2 Bb6 25. Kf3 Ng6 26. Be1 Nge5+ 27. Kf2
Nxg4+ 28. Kg1 Ke7 29. c4 a6 30. b4 c5 31. bxc5 Nxc5 32. Bb4 Kd6 33. Nc3 Kc6 34.
Rd1 Ne3 35. Rb1 Nd3 36. c5 Bd8 37. d5+ Kd7 38. Na4 Nc4 39. Bc3 Kc8 40. Rd1 Nde5
41. d6 Rh7 42. Bxe5 fxe5 43. Nc3 Nxa3 44. Ra1 Nc2 45. Ra2 Nd4 46. Nd5 Nb3 47.
Rc2 Nd4 48. Ra2 Nc6 49. Ra4 g4 50. Ra3 Rf7 51. Kf2 Nd4 52. Nb4 f3 53. gxf3 Bh4+
54. Kf1 gxf3 55. Nd3 Bg3 56. Nf2 Kd7 0-1

[Event "Scarborough CC LH Summer op"]
[Site "Toronto CAN"]
[Date "2010.06.24"]
[Round "8"]
[White "Pedersen, Rune"]
[Black "Southam, David"]
[Result "1-0"]
[WhiteElo "2342"]
[BlackElo "2114"]
[PlyCount "63"]
[EventDate "2010.04.29"]
[EventType "swiss"]
[EventRounds "8"]
[EventCountry "CAN"]

1. d4 e6 2. e4 d5 3. Nc3 Bb4 4. e5 c5 5. Bd2 Ne7 6. Nb5 Bxd2+ 7. Qxd2 O-O 8. f4
b6 9. Nf3 Ba6 10. a4 Nbc6 11. c3 f6 12. Bd3 Qd7 13. b4 c4 14. Bc2 f5 15. Nd6
Nd8 16. h3 Nf7 17. Nb5 Bb7 18. g4 a6 19. Na3 Nh6 20. Ng5 Nf7 21. Nf3 Nh6 22.
Rg1 Kh8 23. Qe3 Bc6 24. Nb1 Ng6 25. Ng5 Rae8 26. a5 b5 27. Nd2 Ne7 28. O-O-O
Bb7 29. Qg3 Nc6 30. Nxh7 Kxh7 31. g5 Qf7 32. g6+ 1-0

[Event "Scarborough CC LH Summer op"]
[Site "Toronto CAN"]
[Date "2010.06.24"]
[Round "8"]
[White "Peng, Bill"]
[Black "Stein, Mickey"]
[Result "1-0"]
[WhiteElo "2212"]
[BlackElo "1980"]
[PlyCount "59"]
[EventDate "2010.04.29"]
[EventType "swiss"]
[EventRounds "8"]
[EventCountry "CAN"]

1. e4 c6 2. d4 d5 3. e5 c5 4. c3 e6 5. Nf3 Nc6 6. Bb5 Bd7 7. Bxc6 bxc6 8. O-O
cxd4 9. cxd4 c5 10. Nc3 cxd4 11. Nxd4 Bc5 12. Be3 Bxd4 13. Bxd4 Ne7 14. Bc5 O-O
15. f4 Re8 16. g4 a6 17. Qd3 Rc8 18. b4 Ra8 19. Rad1 Nc8 20. Nxd5 Bb5 21. Nf6+
Qxf6 22. exf6 Bxd3 23. Rxd3 gxf6 24. Rd7 Rb8 25. a3 a5 26. bxa5 Ra8 27. Bb4 Ra7
28. Ra1 Ra8 29. Rc1 Ra7 30. Rxc8 1-0

[Event "Scarborough CC LH Summer op"]
[Site "Toronto CAN"]
[Date "2010.06.24"]
[Round "8"]
[White "Rutherdale, William"]
[Black "Huston, Scott"]
[Result "0-1"]
[WhiteElo "1756"]
[BlackElo "1666"]
[PlyCount "46"]
[EventDate "2010.04.29"]
[EventType "swiss"]
[EventRounds "8"]
[EventCountry "CAN"]

1. d4 Nf6 2. c4 e6 3. Nc3 Bb4 4. Qc2 d5 5. a3 Bxc3+ 6. Qxc3 O-O 7. Nf3 Ne4 8.
Qc2 c5 9. dxc5 Qc7 10. b4 a5 11. Bb2 Nc6 12. Qb3 Rd8 13. Rd1 axb4 14. axb4 Na5
15. bxa5 Qxa5+ 16. Nd2 dxc4 17. Qc2 c3 18. Nc4 Rxd1+ 19. Qxd1 c2+ 20. Qd2 Qxd2+
21. Nxd2 Ra1+ 22. Nb1 cxb1=Q+ 23. Bc1 Qxc1# 0-1

[Event "Scarborough CC LH Summer op"]
[Site "Toronto CAN"]
[Date "2010.06.24"]
[Round "8"]
[White "Song, Michael"]
[Black "Cale, Ferdinand"]
[Result "1/2-1/2"]
[WhiteElo "1880"]
[BlackElo "1814"]
[PlyCount "56"]
[EventDate "2010.04.29"]
[EventType "swiss"]
[EventRounds "8"]
[EventCountry "CAN"]

1. f4 f5 2. Nf3 Nf6 3. b3 g6 4. Bb2 Bg7 5. e3 O-O 6. Be2 d6 7. O-O c5 8. d3 Nc6
9. Nbd2 a6 10. g3 b5 11. e4 Ng4 12. Bxg7 Kxg7 13. Qc1 e6 14. h3 Nh6 15. Qb2+
Qf6 16. e5 dxe5 17. fxe5 Qe7 18. a4 Bb7 19. axb5 axb5 20. Rxa8 Rxa8 21. Ra1 Nf7
22. Rxa8 Bxa8 23. c3 Qb7 24. d4 cxd4 25. cxd4 Qb6 26. Kf1 Ne7 27. Qa3 Qb7 28.
Qc5 b4 1/2-1/2

[Event "Scarborough CC LH Summer op"]
[Site "Toronto CAN"]
[Date "2010.06.24"]
[Round "8"]
[White "Verde, Pino"]
[Black "Bao, Stephen"]
[Result "1/2-1/2"]
[WhiteElo "1804"]
[BlackElo "1684"]
[PlyCount "116"]
[EventDate "2010.04.29"]
[EventType "swiss"]
[EventRounds "8"]
[EventCountry "CAN"]

1. Nf3 d5 2. g3 Nf6 3. Bg2 g6 4. d3 Bg7 5. c3 O-O 6. Nbd2 Bf5 7. Qc2 c6 8. e4
dxe4 9. dxe4 Be6 10. Ng5 Bd7 11. Nc4 h6 12. Nxf7 Rxf7 13. Ne5 g5 14. Qb3 Be8
15. Qxb7 Nbd7 16. Nxc6 Qc8 17. Qxc8 Rxc8 18. e5 Ng4 19. Bd5 Rxc6 20. e6 Rxe6+
21. Bxe6 Nde5 22. Be3 Nxe3 23. fxe3 Nd3+ 24. Kd2 Nxb2 25. Rab1 Na4 26. Rb8
Bxc3+ 27. Kc2 Kg7 28. Bxf7 Bxf7 29. e4 a5 30. Rb7 Bb4 31. a3 Bc5 32. Rb5 Bb6
33. Rhb1 Bc7 34. Rb7 Bd6 35. R1b5 Bg6 36. Ra7 Bxe4+ 37. Kb3 Nc5+ 38. Kc3 Nb7
39. Rbxb7 Bxb7 40. Rxb7 Bxa3 41. Kd4 Kf6 42. Ke4 Bb4 43. g4 Bd6 44. h3 a4 45.
Ra7 a3 46. Kd5 Kf7 47. Ra6 Kf6 48. Ke4 Ke6 49. Kd4 Kf6 50. Ra5 Kg6 51. Kd5 Kf6
52. Ra8 Kf7 53. Ke4 Kg6 54. Rf8 Kg7 55. Rf3 Bb4 56. Kd3 Bd6 57. Kd4 Kg6 58. Kd5
Bb4 1/2-1/2